| 000 | 00649nam a2200217 a 4500 | ||
|---|---|---|---|
| 001 | BRL_1051 | ||
| 005 | 20190320211019.0 | ||
| 008 | 051113s1971----mx-a######---#000-0#spa-# | ||
| 041 | _aspa | ||
| 044 | _amx | ||
| 050 | 4 |
_aNK9900.7.U7 _b.Z86 1971 |
|
| 100 | 1 |
_aZuno Hernández, José Guadalupe _d1891-1980 _925684 |
|
| 245 | 1 | 0 |
_aLas llamadas lacas michoacanas de Uruapan no proceden de las orientales _cJosé Guadalupe Zuno. |
| 250 | _a3a ed. | ||
| 260 |
_aGuadalajara _b[s.n.] _c1971 |
||
| 300 |
_a[39] p. _bil. (algunas a color) _c23 cm. |
||
| 500 | _aAu1183 | ||
| 650 | 1 | 4 |
_aLacas _zUruapan (Michoacán) _925685 |
| 902 | _aGRL | ||
| 942 |
_2lcc _cB |
||
| 999 |
_c9863 _d9863 |
||